Una sociedad de organizaciones /
Uloženo v:
| Hlavní autor: | |
|---|---|
| Médium: | Text |
| Témata: | |
| Tagy: |
Přidat tag
Žádné tagy, Buďte první, kdo vytvoří štítek k tomuto záznamu!
|
MARC
| LEADER | 00000 a a2200000 04500 | ||
|---|---|---|---|
| 001 | 16227 | ||
| 003 | |||
| 040 | |||
| 100 | |a Perrow, Charles | ||
| 245 | |a Una sociedad de organizaciones / |c Charles Perrow | ||
| 650 | |a SOCIEDAD | ||
| 650 | |a ORGANIZACIONES POPULARES | ||
| 650 | |a PARTICIPACION SOCIAL | ||
| 650 | |a SALARIOS | ||
| 650 | |a BUROCRACIA | ||
| 650 | |a EXTERNALIDADES | ||
| 650 | |a UTILIZACION DE LA MANO DE OBRA | ||
| 650 | |a INFRAESTRUCTURA ECONOMICA | ||
| 773 | |g número 59; páginas 19-55 | ||
| 999 | |c 33184 |d 33184 | ||
